000 00893nam a2200253 a 4500
008 951123s1984||||[C 0 slo c
020 _c37 Kčs.
_q(3000 výtl.)
040 _aSNK
_bslo
_cSNK
_eAACR2
041 1 _aslo
_hslo
044 _axo
_cSK
080 _a78(437)(091)
100 1 _aRybarič, Richard
_4aut
245 1 0 _aDejiny hudobnej kultúry na Slovensku. /Zv./ 1
_bStredovek, renesancia, barok
_cRichard Rybarič ; Ján Krížik, Roman Bunčák, Elena Šišková, Filip Lašut, Štefan Péchy
250 _a1., vyd.
260 _aBratislava
_bOpus
_c1984
_eBratislava
_fPolygrafické závody
300 _a235 s., 12,9 AH
_bNoty.
_c25 cm
500 _aMen. reg. Rozlož. tit. list.
700 1 _aKrížik, Ján
_4bkd
700 1 _aBunčák, Roman
_4bkd
700 1 _aŠišková, Elena
_4bkd
700 1 _aLašut, Filip
_d1945-
_4bkd
700 1 _aPéchy, Štefan
_4bkd
958 _aA
999 _c15192
_d15192